书目信息 |
| 题名: |
中国伦理学史
|
|
| 作者: | 蔡元培 著 | |
| 分册: | ||
| 出版信息: | 北京 中国书籍出版社 2018 |
|
| 页数: | 312页 | |
| 开本: | 23cm | |
| 丛书名: | 中国近现代文化思想学术文丛 | |
| 单 册: | ||
| 中图分类: | B82-092 | |
| 科图分类: | ||
| 主题词: | 伦理学史--中国 | |
| 电子资源: | ||
| ISBN: | 978-7-5068-5320-0 | |
| 000 | 01002oam2 2200253 45 | |
| 001 | 012001012172 | |
| 005 | 20141123185541.0 | |
| 010 | @a978-7-5068-5320-0@b精装@dCNY40.00 | |
| 100 | @a20150920d2016 em y0chiy50 ea | |
| 101 | 0 | @achi |
| 102 | @aCN@b110000 | |
| 105 | @ay z 000yy | |
| 106 | @ar | |
| 200 | 1 | @a中国伦理学史@9zhong guo lun li xue shi@f蔡元培著 |
| 210 | @a北京@c中国书籍出版社@d2018 | |
| 215 | @a312页@d23cm | |
| 225 | 1 | @a中国近现代文化思想学术文丛 |
| 330 | @a《中国伦理学史》被后人视为“具有开创性的意义”的一部书,是中国学者首次以西方观点综合研究中国之伦理学与伦理思想史,首次以西方框架初步清理传统伦理思想之历史遗产,使其系统化、体系化。该书以思路清晰、简练的语言勾勒出中国整个从先秦到清末的伦理学发展史,选取极具代表性的人物及其极具代表性的思想来铺陈。 | |
| 461 | 0 | @12001 @a中国近现代文化思想学术文丛 |
| 606 | 0 | @a伦理学史@y中国 |
| 690 | @aB82-092@v5 | |
| 701 | 0 | @a蔡元培@9cai yuan pei@4著 |
| 801 | 0 | @aCN@b上海新华@c20191020 |
| 905 | @b1178672-5@dB82-092@e1531@f4 | |
| 中国伦理学史/蔡元培著.-北京:中国书籍出版社,2018 |
| 312页;23cm.-(中国近现代文化思想学术文丛) |
| ISBN 978-7-5068-5320-0(精装):CNY40.00 |
| 《中国伦理学史》被后人视为“具有开创性的意义”的一部书,是中国学者首次以西方观点综合研究中国之伦理学与伦理思想史,首次以西方框架初步清理传统伦理思想之历史遗产,使其系统化、体系化。该书以思路清晰、简练的语言勾勒出中国整个从先秦到清末的伦理学发展史,选取极具代表性的人物及其极具代表性的思想来铺陈。 |
| ● |
| 相关链接 |
|
|
|
|
正题名:中国伦理学史
索取号:B82-092/1531
 
预约/预借
| 序号 | 登录号 | 条形码 | 馆藏地/架位号 | 状态 | 备注 |
| 1 | 1178672 | 211786726 | 第一样本阅览室/ [索取号:B82-092/1531] | 在馆 | |
| 2 | 1178673 | 211786735 | 第一借阅区/ [索取号:B82-092/1531] | 在馆 | |
| 3 | 1178674 | 211786744 | 第一借阅区/ [索取号:B82-092/1531] | 在馆 | |
| 4 | 1178675 | 211786753 | 第一借阅区/ [索取号:B82-092/1531] | 在馆 |